[Event "Havana Gilberto Garcia Memorial-C"]
[Site "Havana"]
[Date "2024.02.25"]
[Round "4"]
[White "Morales Mora, Kendry Daniel"]
[Black "Blanco Fuentes, Marlon De Jesus"]
[Result "1-0"]
[WhiteElo "2091"]
[BlackElo "1880"]
[PlyCount "85"]
[EventDate "2024.02.24"]
[EventType "tourn"]
[EventRounds "9"]
[EventCountry "CUB"]
[SourceTitle "CB13_2024"]
[SourceDate "2024.03.27"]
[SourceVersion "1"]
[SourceVersionDate "2024.03.27"]
[SourceQuality "1"]

1. e4 d6 2. d4 Nf6 3. Nc3 g6 4. Be3 c6 5. h3 Bg7 6. f4 0-0 7. Nf3 b5 8. e5 Nfd7 9. Be2 Nb6 10. 0-0 N8d7 11. Qe1 a6 12. Rd1 Nd5 13. Nxd5 cxd5 14. Bd3 e6 15. Qg3 f6 16. Rde1 dxe5 17. fxe5 fxe5 18. dxe5 Rxf3 19. Qxf3 Nxe5 20. Qf4 Qe7 21. Bd4 Nc6 22. Bxg7 Kxg7 23. Qf3 Bd7 24. Rf2 Rf8 25. Qxf8+ Qxf8 26. Rxf8 Kxf8 27. c3 e5 28. Kf2 Kf7 29. a4 e4 30. axb5 Ne5 31. Be2 Bxb5 32. Bxb5 axb5 33. Ke3 Nc4+ 34. Kd4 Ke6 35. b3 Nd2 36. b4 Nc4 37. Rf1 Ne5 38. Kc5 Nd3+ 39. Kxb5 e3 40. Rf3 Kd6 41. Rxe3 Nf4 42. Ka6 Nxg2 43. Re8 1-0

[Event "Havana Gilberto Garcia Memorial-C"]
[Site "Havana"]
[Date "2024.02.24"]
[Round "2"]
[White "Torres Ymas, Diego"]
[Black "Blanco Fuentes, Marlon De Jesus"]
[Result "0-1"]
[WhiteElo "2234"]
[BlackElo "1880"]
[PlyCount "128"]
[EventDate "2024.02.24"]
[EventType "tourn"]
[EventRounds "9"]
[EventCountry "CUB"]
[SourceTitle "CB13_2024"]
[SourceDate "2024.03.27"]
[SourceVersion "1"]
[SourceVersionDate "2024.03.27"]
[SourceQuality "1"]

1. e4 d6 2. d4 Nf6 3. Nc3 g6 4. f4 Bg7 5. Nf3 0-0 6. e5 dxe5 7. fxe5 Nd5 8. Bc4 Be6 9. Nxd5 Bxd5 10. Bxd5 Qxd5 11. Qe2 b5 12. 0-0 Nd7 13. c3 f6 14. e6 Nb6 15. b3 a6 16. Ba3 Rfe8 17. Rac1 Rad8 18. c4 bxc4 19. bxc4 Qa5 20. Qe3 Qa4 21. Qb3 Bh6 22. Rc3 Rb8 23. Rb1 Qxb3 24. Rcxb3 Rbd8 25. Rc3 Na4 26. Rc2 Be3+ 27. Kf1 Bxd4 28. Nxd4 Rxd4 29. Rb7 c5 30. Ra7 Rd3 31. Bc1 Rd6 32. Re2 Nc3 33. Re1 Nxa2 34. Bh6 Rc6 35. Re2 Nb4 36. g3 Nd3 37. Rd2 Ne5 38. Rxe7 Rxe6 39. Rg7+ Kh8 40. Rb2 Ng4 41. Rbb7 Nxh6 42. Rxh7+ Kg8 43. Rxh6 R6e7 44. Rxg6+ Kf7 45. Rxe7+ Rxe7 46. Rh6 Kg7 47. Rh5 Re5 48. Rh4 a5 49. Rf4 a4 50. Rf3 Re4 51. Rc3 Rd4 52. Ke2 Kg6 53. h3 Kg5 54. Kf3 f5 55. h4+ Kg6 56. Rc2 a3 57. Rc3 a2 58. Ra3 Rd3+ 59. Rxd3 a1Q 60. Rd6+ Kg7 61. Rd7+ Kf6 62. Rd6+ Ke7 63. Rd3 Qf1+ 64. Ke3 Qe1+ 0-1